| 000 | 00831cam a22002291 4500 | ||
|---|---|---|---|
| 001 | e 22000450 | ||
| 003 | DLC | ||
| 005 | 20260227111213.0 | ||
| 008 | 820607s1920 gw a b 000 0 ger c | ||
| 010 | _ae 22000450 | ||
| 040 |
_aLibrary, U.S. Bur. of Education _cDLC _dDLC |
||
| 043 | _ae-gx--- | ||
| 050 | 0 | 0 |
_aLC4696.G3 _bR7 |
| 100 | 1 |
_aRothe, Karl Cornelius, _d1879-1932. |
|
| 245 | 1 | 0 |
_aPädagogische, didaktische und logopädische Winke für Lehrer an Sonderklassen für sprachkranke Kinder. _cVon Karl Cornelius Rothe ... |
| 260 |
_aLangensalza, _bH. Beyer & Söhne, _c1920. |
||
| 300 |
_a26 p. _btables. _c25 cm. |
||
| 440 | 0 |
_aBeiträge zur Kinderforschung und Heilerziehung, _vHft. 168 |
|
| 504 | _a"Literatur-Übersicht": p. 25-26. | ||
| 650 | 0 | _aSlow learning children. | |
| 650 | 0 |
_aSlow learning children _zGermany. |
|
| 999 |
_c20547 _d20547 |
||